[Event "Greek Team Championship"]
[Site "chess24.com"]
[Date "2017.07.04"]
[Round "2"]
[White "Mastrakouli, Evagelia"]
[Black "Nikolaidou, Maria"]
[Result "1-0"]
[Board "6"]
[WhiteElo "1783"]
[WhiteCountry "GRE"]
[WhiteFideId "4229347"]
[WhiteEloChange "2"]
[BlackElo "1259"]
[BlackCountry "GRE"]
[BlackFideId "4240022"]
[BlackEloChange "-2"]

1. d4 {[%clk 1:30:54]} Nf6 {[%clk 1:30:54]} 2. c4 {[%clk 1:31:16]} g6 {[%clk
1:31:13]} 3. Nc3 {[%clk 1:31:40]} Bg7 {[%clk 1:31:36]} 4. e4 {[%clk 1:32:00]} d6
{[%clk 1:31:23]} 5. Nge2 {[%clk 1:32:02]} O-O {[%clk 1:30:02]} 6. Ng3 {[%clk
1:32:13]} e5 {[%clk 1:26:40]} 7. d5 {[%clk 1:31:39]} Ne8 {[%clk 1:22:50]} 8. Be2
{[%clk 1:29:09]} f5 {[%clk 1:21:23]} 9. exf5 {[%clk 1:29:09]} gxf5 {[%clk
1:21:05]} 10. f4 {[%clk 1:28:11]} Qh4 {[%clk 1:14:45]} 11. O-O {[%clk 1:23:41]}
Nd7 {[%clk 1:00:49]} 12. Bh5 {[%clk 1:06:42]} Nc5 {[%clk 0:55:02]} 13. Nb5 {[%clk
0:56:36]} Na6 {[%clk 0:46:03]} 14. Be3 {[%clk 0:26:00]} Qe7 {[%clk 0:33:23]} 15.
Qd2 {[%clk 0:22:55]} Bd7 {[%clk 0:21:46]} 16. Rae1 {[%clk 0:17:49]} e4 {[%clk
0:18:09]} 17. b4 {[%clk 0:13:46]} b6 {[%clk 0:15:16]} 18. a4 {[%clk 0:12:22]} c5
{[%clk 0:11:54]} 19. dxc6 {[%clk 0:12:17]} Bxc6 {[%clk 0:12:04]} 20. Bxe8 {[%clk
0:11:39]} Bxe8 {[%clk 0:11:01]} 21. Nxd6 {[%clk 0:10:05]} Bxa4 {[%clk 0:10:42]}
22. Ngxf5 {[%clk 0:09:47]} Qe6 {[%clk 0:08:26]} 23. Qa2 {[%clk 0:08:39]} Nxb4
{[%clk 0:04:07]} 24. Qxa4 {[%clk 0:08:41]} Nd3 {[%clk 0:04:04]} 25. Nxg7 {[%clk
0:06:01]} Qxd6 {[%clk 0:03:38]} 26. Qa1 {[%clk 0:05:00]} Nxe1 {[%clk 0:01:56]}
27. Rxe1 {[%clk 0:05:19]} Qg6 {[%clk 0:02:01]} 28. Bd4 {[%clk 0:04:48]} Rxf4
{[%clk 0:01:48]} 29. Re3 {[%clk 0:04:12]} Rg4 {[%clk 0:01:02]} 30. Qa2 {[%clk
0:04:26]} Rf8 {[%clk 0:01:26]} 31. Ra3 {[%clk 0:01:58]} Rgf4 {[%clk 0:01:21]} 32.
c5+ {[%clk 0:01:32]} Qf7 {[%clk 0:00:56]} 33. Qxf7+ {[%clk 0:01:40]} R8xf7 {[%clk
0:01:10]} 34. g3 {[%clk 0:01:49]} Rf1+ {[%clk 0:01:32]} 35. Kg2 {[%clk 0:02:17]}
bxc5 {[%clk 0:01:32]} 36. Bc3 {[%clk 0:00:59]} R1f2+ {[%clk 0:01:51]} 37. Kh3
{[%clk 0:01:24]} R2f3 {[%clk 0:02:10]} 38. Ne6 {[%clk 0:01:33]} c4 {[%clk
0:01:24]} 39. Ng5 {[%clk 0:01:55]} Rd7 {[%clk 0:00:51]} 40. Nxf3 {[%clk 0:32:13]}
exf3 {[%clk 0:31:15]} 41. Ra1 {[%clk 0:27:41]} Rf7 {[%clk 0:26:49]} 42. g4 {[%clk
0:25:06]} Kf8 {[%clk 0:26:53]} 43. Kg3 {[%clk 0:24:09]} Ke8 {[%clk 0:26:11]} 44.
Rf1 {[%clk 0:24:08]} Kd7 {[%clk 0:26:28]} 45. Rxf3 {[%clk 0:24:18]} Rxf3+ {[%clk
0:26:50]} 46. Kxf3 {[%clk 0:24:45]} Kc6 {[%clk 0:27:10]} 47. Ke4 {[%clk 0:22:51]}
Kc5 {[%clk 0:24:40]} 48. g5 {[%clk 0:22:49]} a6 {[%clk 0:24:41]} 49. h4 {[%clk
0:22:49]} Kb5 {[%clk 0:24:07]} 50. Kd4 {[%clk 0:22:47]} a5 {[%clk 0:24:17]} 51.
h5 {[%clk 0:22:24]} a4 {[%clk 0:24:23]} 52. g6 {[%clk 0:22:43]} hxg6 {[%clk
0:24:15]} 53. hxg6 {[%clk 0:23:05]} a3 {[%clk 0:24:34]} 54. g7 {[%clk 0:23:32]}
1-0

[Event "Greek Team Championship"]
[Site "chess24.com"]
[Date "2017.07.04"]
[Round "2"]
[White "Batsi, Eleni"]
[Black "Giannoulaki, Ermofili"]
[Result "1/2-1/2"]
[Board "7"]
[WhiteElo "1019"]
[WhiteCountry "GRE"]
[WhiteFideId "25837532"]
[WhiteEloChange "5"]
[BlackElo "1220"]
[BlackCountry "GRE"]
[BlackFideId "25804278"]
[BlackEloChange "-5"]

1. d4 {[%clk 1:30:56]} d6 {[%clk 1:30:50]} 2. Bf4 {[%clk 1:31:14]} Nd7 {[%clk
1:30:39]} 3. Nf3 {[%clk 1:31:07]} Ngf6 {[%clk 1:30:44]} 4. h3 {[%clk 1:31:05]} g6
{[%clk 1:30:28]} 5. e3 {[%clk 1:31:03]} Bg7 {[%clk 1:30:44]} 6. Be2 {[%clk
1:30:55]} O-O {[%clk 1:30:54]} 7. O-O {[%clk 1:31:01]} Re8 {[%clk 1:30:44]} 8. c3
{[%clk 1:25:54]} c6 {[%clk 1:28:02]} 9. Bh2 {[%clk 1:15:40]} Qb6 {[%clk 1:25:24]}
10. Qc2 {[%clk 1:11:06]} e5 {[%clk 1:24:56]} 11. Nfd2 {[%clk 1:01:19]} exd4
{[%clk 1:18:34]} 12. cxd4 {[%clk 0:59:52]} d5 {[%clk 1:15:25]} 13. Nc3 {[%clk
0:58:24]} Bf8 {[%clk 0:58:52]} 14. Nb3 {[%clk 0:49:24]} Qd8 {[%clk 0:53:31]} 15.
Na4 {[%clk 0:43:03]} Ne4 {[%clk 0:51:14]} 16. Nac5 {[%clk 0:36:40]} Ndxc5 {[%clk
0:50:31]} 17. Nxc5 {[%clk 0:36:57]} Nxc5 {[%clk 0:47:15]} 18. dxc5 {[%clk
0:37:19]} Bf5 {[%clk 0:45:32]} 19. Qc1 {[%clk 0:31:15]} Qa5 {[%clk 0:39:57]} 20.
Re1 {[%clk 0:24:25]} Bxc5 {[%clk 0:38:01]} 21. a3 {[%clk 0:21:57]} Qb6 {[%clk
0:34:14]} 22. Ra2 {[%clk 0:15:43]} Bf8 {[%clk 0:27:23]} 23. b4 {[%clk 0:10:53]}
Bh6 {[%clk 0:25:44]} 24. Kh1 {[%clk 0:06:45]} d4 {[%clk 0:22:17]} 25. Qb2 {[%clk
0:03:52]} dxe3 {[%clk 0:21:00]} 26. fxe3 {[%clk 0:04:08]} Be6 {[%clk 0:14:01]}
27. Raa1 {[%clk 0:03:59]} Bg7 {[%clk 0:12:03]} 28. Be5 {[%clk 0:04:07]} Bxe5
{[%clk 0:11:59]} 29. Qxe5 {[%clk 0:04:30]} Bxh3 {[%clk 0:11:48]} 30. Qh2 {[%clk
0:02:16]} Bf5 {[%clk 0:11:18]} 31. Bf3 {[%clk 0:01:59]} Rxe3 {[%clk 0:11:29]} 32.
Rxe3 {[%clk 0:01:32]} Qxe3 {[%clk 0:11:51]} 33. Qg3 {[%clk 0:00:39]} Be6 {[%clk
0:09:59]} 34. Qh2 {[%clk 0:00:45]} Rd8 {[%clk 0:09:17]} 35. Qh4 {[%clk 0:00:37]}
Rd3 {[%clk 0:08:54]} 36. Qh2 {[%clk 0:00:35]} Rxa3 {[%clk 0:07:09]} 37. Rxa3
{[%clk 0:00:35]} Qxa3 {[%clk 0:07:21]} 38. Qb8+ {[%clk 0:00:51]} Kg7 {[%clk
0:07:15]} 39. Qe5+ {[%clk 0:00:51]} Kf8 {[%clk 0:06:50]} 40. Qb8+ {[%clk
0:30:57]} Ke7 {[%clk 0:36:18]} 41. Qc7+ {[%clk 0:25:05]} Bd7 {[%clk 0:34:21]} 42.
Qe5+ {[%clk 0:23:45]} Kd8 {[%clk 0:34:05]} 43. Qb8+ {[%clk 0:23:58]} Bc8 {[%clk
0:32:16]} 44. Qd6+ {[%clk 0:24:00]} Bd7 {[%clk 0:31:39]} 45. Qb8+ {[%clk
0:23:34]} Ke7 {[%clk 0:31:02]} 46. Qe5+ {[%clk 0:23:24]} Be6 {[%clk 0:31:03]} 47.
Qc7+ {[%clk 0:23:24]} Kf6 {[%clk 0:31:03]} 48. Qf4+ {[%clk 0:20:03]} Kg7 {[%clk
0:31:18]} 1/2-1/2

[Event "Greek Team Championship"]
[Site "chess24.com"]
[Date "2017.07.04"]
[Round "2"]
[White "Karzias, Christos"]
[Black "Nikolaou, Alexandros"]
[Result "1-0"]
[Board "8"]
[WhiteElo "1718"]
[WhiteCountry "GRE"]
[WhiteFideId "4254902"]
[WhiteEloChange "5"]
[BlackElo "1540"]
[BlackCountry "GRE"]
[BlackFideId "4261674"]
[BlackEloChange "-5"]

1. d4 {[%clk 1:30:30]} Nf6 {[%clk 1:30:30]} 2. c4 {[%clk 1:30:30]} e6 {[%clk
1:30:30]} 3. Nc3 {[%clk 1:30:30]} Bb4 {[%clk 1:30:30]} 4. e3 {[%clk 1:30:30]} O-O
{[%clk 1:30:30]} 5. Bd3 {[%clk 1:30:30]} c5 {[%clk 1:30:30]} 6. Nf3 {[%clk
1:30:30]} Bxc3+ {[%clk 1:30:30]} 7. bxc3 {[%clk 1:30:30]} d6 {[%clk 1:30:30]} 8.
e4 {[%clk 1:30:30]} cxd4 {[%clk 1:30:30]} 9. cxd4 {[%clk 1:30:30]} e5 {[%clk
1:30:30]} 10. d5 {[%clk 1:30:30]} Nbd7 {[%clk 1:30:30]} 11. O-O {[%clk 1:30:30]}
Nc5 {[%clk 1:30:30]} 12. Qe2 {[%clk 1:30:30]} Bg4 {[%clk 1:30:30]} 13. h3 {[%clk
1:30:30]} Bh5 {[%clk 1:30:30]} 14. g4 {[%clk 1:30:30]} Bg6 {[%clk 1:30:30]} 15.
Nd2 {[%clk 1:30:30]} Qd7 {[%clk 1:30:30]} 16. f3 {[%clk 1:30:30]} Qe7 {[%clk
1:30:30]} 17. Rf2 {[%clk 1:30:30]} Nfd7 {[%clk 1:30:30]} 18. Nf1 {[%clk 1:30:30]}
Rfe8 {[%clk 1:30:30]} 19. Ng3 {[%clk 1:30:30]} Qh4 {[%clk 1:30:30]} 20. Kg2
{[%clk 1:30:30]} Rac8 {[%clk 1:30:30]} 21. Be3 {[%clk 1:30:30]} Rc7 {[%clk
1:30:30]} 22. Bc2 {[%clk 1:30:30]} Qe7 {[%clk 1:30:30]} 23. h4 {[%clk 1:30:30]}
h6 {[%clk 1:30:30]} 24. Qd2 {[%clk 1:30:30]} Nb6 {[%clk 1:30:30]} 25. Bb3 {[%clk
0:42:11]} Ra8 {[%clk 0:03:08]} 26. Rc1 {[%clk 0:39:04]} a5 {[%clk 0:03:06]} 27.
h5 {[%clk 0:37:26]} Bh7 {[%clk 0:03:29]} 28. g5 {[%clk 0:34:50]} hxg5 {[%clk
0:03:55]} 29. Bxg5 {[%clk 0:35:11]} f6 {[%clk 0:04:13]} 30. Be3 {[%clk 0:34:27]}
a4 {[%clk 0:04:32]} 31. Bd1 {[%clk 0:34:49]} Rac8 {[%clk 0:03:26]} 32. Qb4 {[%clk
0:23:06]} Nbd7 {[%clk 0:01:03]} 33. Rc3 {[%clk 0:21:02]} Ra8 {[%clk 0:01:01]} 34.
Ra3 {[%clk 0:20:09]} b6 {[%clk 0:00:57]} 35. Rd2 {[%clk 0:17:32]} Rca7 {[%clk
0:01:01]} 36. Rb2 {[%clk 0:15:06]} Qd8 {[%clk 0:00:57]} 37. Qe1 {[%clk 0:11:59]}
Qc7 {[%clk 0:00:36]} 38. Kg1 {[%clk 0:10:36]} Qd8 {[%clk 0:00:39]} 39. h6 {[%clk
0:09:24]} g6 {[%clk 0:00:53]} 40. Nf5 {[%clk 0:37:14]} Qf8 {[%clk 0:30:32]} 41.
Ng7 {[%clk 0:28:58]} Kh8 {[%clk 0:23:52]} 42. Qh4 {[%clk 0:23:58]} Qf7 {[%clk
0:20:04]} 43. Rc3 {[%clk 0:20:28]} Nf8 {[%clk 0:15:13]} 44. Rxb6 {[%clk 0:19:16]}
Ra6 {[%clk 0:14:56]} 45. Bxc5 {[%clk 0:18:09]} dxc5 {[%clk 0:15:18]} 46. Rb2
{[%clk 0:17:51]} g5 {[%clk 0:15:20]} 47. Qh3 {[%clk 0:17:07]} Ng6 {[%clk
0:15:01]} 48. Ne6 {[%clk 0:16:45]} Nf4 {[%clk 0:15:12]} 49. Nxf4 {[%clk 0:16:48]}
gxf4 {[%clk 0:14:58]} 50. Rg2 {[%clk 0:16:56]} Rg8 {[%clk 0:15:19]} 51. Rc2
{[%clk 0:16:57]} f5 {[%clk 0:14:25]} 52. Rxg8+ {[%clk 0:15:38]} Qxg8+ {[%clk
0:14:49]} 53. Rg2 {[%clk 0:15:59]} Rg6 {[%clk 0:15:12]} 54. exf5 {[%clk 0:15:48]}
Rxg2+ {[%clk 0:14:38]} 55. Qxg2 {[%clk 0:16:14]} Qxg2+ {[%clk 0:14:40]} 56. Kxg2
{[%clk 0:16:40]} Bxf5 {[%clk 0:15:04]} 57. Bxa4 {[%clk 0:17:05]} Kh7 {[%clk
0:15:15]} 58. d6 {[%clk 0:16:59]} 1-0

[Event "Greek Team Championship"]
[Site "chess24.com"]
[Date "2017.07.04"]
[Round "2"]
[White "Karamanis, Ioannis-Marios"]
[Black "Sotiropoulos, Anastasios-Theohar"]
[Result "1/2-1/2"]
[Board "9"]
[WhiteElo "1536"]
[WhiteCountry "GRE"]
[WhiteFideId "4289501"]
[WhiteEloChange "6"]
[BlackElo "1757"]
[BlackCountry "GRE"]
[BlackFideId "4292243"]
[BlackEloChange "-6"]

1. e4 {[%clk 1:30:30]} c6 {[%clk 1:30:30]} 2. c4 {[%clk 1:30:30]} d5 {[%clk
1:30:30]} 3. exd5 {[%clk 1:30:30]} cxd5 {[%clk 1:30:30]} 4. cxd5 {[%clk 1:30:30]}
Nf6 {[%clk 1:30:30]} 5. Nc3 {[%clk 1:30:30]} Nxd5 {[%clk 1:30:30]} 6. Nf3 {[%clk
1:30:30]} e6 {[%clk 1:30:30]} 7. d4 {[%clk 1:30:30]} Bb4 {[%clk 1:30:30]} 8. Bd2
{[%clk 1:30:30]} O-O {[%clk 1:30:30]} 9. Bd3 {[%clk 1:30:30]} Nc6 {[%clk
1:30:30]} 10. O-O {[%clk 1:30:30]} Be7 {[%clk 1:30:30]} 11. a3 {[%clk 1:30:30]}
Bf6 {[%clk 1:30:30]} 12. Be3 {[%clk 1:30:30]} Nxe3 {[%clk 1:30:30]} 13. fxe3
{[%clk 1:30:30]} g6 {[%clk 1:30:30]} 14. Rc1 {[%clk 1:30:30]} Bg7 {[%clk
1:30:30]} 15. Kh1 {[%clk 1:30:30]} b6 {[%clk 1:30:30]} 16. Be4 {[%clk 1:30:30]}
Bb7 {[%clk 1:30:30]} 17. Nb5 {[%clk 1:30:30]} Qd7 {[%clk 1:30:30]} 18. Nd2 {[%clk
1:30:30]} a6 {[%clk 1:30:30]} 19. Qf3 {[%clk 1:30:30]} Ne5 {[%clk 1:30:30]} 20.
dxe5 {[%clk 1:30:30]} Bxe4 {[%clk 1:30:30]} 21. Nxe4 {[%clk 1:30:30]} Qxb5 {[%clk
1:30:30]} 22. Nf6+ {[%clk 1:30:30]} Kh8 {[%clk 1:30:30]} 23. Qh3 {[%clk 1:30:30]}
h6 {[%clk 1:30:30]} 24. b4 {[%clk 1:30:30]} Rac8 {[%clk 1:30:30]} 25. Ng4 {[%clk
1:30:30]} Kh7 {[%clk 1:30:30]} 26. Rcd1 {[%clk 1:30:30]} Rcd8 {[%clk 1:30:30]}
27. Rc1 {[%clk 1:30:30]} Rc8 {[%clk 1:30:30]} 28. Rcd1 {[%clk 1:30:30]} Rcd8
{[%clk 1:30:30]} 29. Rc1 {[%clk 1:30:30]} 1/2-1/2

[Event "Greek Team Championship"]
[Site "chess24.com"]
[Date "2017.07.04"]
[Round "2"]
[White "Gkaripis, Marios Ilias"]
[Black "Pechlivanidis, Michail"]
[Result "1-0"]
[Board "10"]
[WhiteElo "1187"]
[WhiteCountry "GRE"]
[WhiteFideId "25825801"]
[WhiteEloChange "8"]
[BlackElo "1119"]
[BlackCountry "GRE"]
[BlackFideId "25837109"]
[BlackEloChange "-8"]

1. d4 {[%clk 1:30:54]} d5 {[%clk 1:30:50]} 2. c4 {[%clk 1:31:11]} c6 {[%clk
1:31:14]} 3. cxd5 {[%clk 1:30:55]} cxd5 {[%clk 1:31:31]} 4. Nc3 {[%clk 1:30:41]}
Nf6 {[%clk 1:31:52]} 5. Nf3 {[%clk 1:30:12]} Nc6 {[%clk 1:32:13]} 6. Bf4 {[%clk
1:27:59]} a6 {[%clk 1:32:36]} 7. e3 {[%clk 1:27:46]} Bg4 {[%clk 1:32:49]} 8. h3
{[%clk 1:26:54]} Bxf3 {[%clk 1:33:12]} 9. Qxf3 {[%clk 1:26:18]} e6 {[%clk
1:33:30]} 10. a3 {[%clk 1:25:32]} Bd6 {[%clk 1:33:30]} 11. Bxd6 {[%clk 1:23:43]}
Qxd6 {[%clk 1:31:22]} 12. Rd1 {[%clk 1:17:13]} O-O {[%clk 1:30:04]} 13. Bd3
{[%clk 1:15:22]} Rac8 {[%clk 1:26:35]} 14. O-O {[%clk 1:14:28]} Qe7 {[%clk
1:24:58]} 15. Rd2 {[%clk 1:12:17]} h6 {[%clk 1:22:20]} 16. Rc1 {[%clk 1:10:25]}
Rc7 {[%clk 1:20:16]} 17. Rdc2 {[%clk 1:07:19]} Rfc8 {[%clk 1:19:34]} 18. Na4
{[%clk 1:04:28]} Na5 {[%clk 1:16:30]} 19. Nc5 {[%clk 1:01:00]} Nd7 {[%clk
1:08:39]} 20. Nxd7 {[%clk 0:55:07]} Qxd7 {[%clk 1:08:41]} 21. Qg3 {[%clk
0:50:16]} Rxc2 {[%clk 1:08:31]} 22. Rxc2 {[%clk 0:50:22]} Rxc2 {[%clk 1:08:12]}
23. Bxc2 {[%clk 0:50:47]} Nc6 {[%clk 1:08:02]} 24. Bd3 {[%clk 0:50:08]} Qd8
{[%clk 0:56:45]} 25. b4 {[%clk 0:46:13]} b5 {[%clk 0:56:05]} 26. Qf4 {[%clk
0:44:52]} Qb8 {[%clk 0:45:29]} 27. Qf3 {[%clk 0:43:15]} Qd6 {[%clk 0:42:36]} 28.
Qg4 {[%clk 0:41:10]} Qc7 {[%clk 0:39:37]} 29. f4 {[%clk 0:37:30]} f5 {[%clk
0:35:28]} 30. Qg6 {[%clk 0:35:36]} Qf7 {[%clk 0:35:43]} 31. Bxf5 {[%clk 0:30:30]}
Nxd4 {[%clk 0:34:27]} 32. Qh7+ {[%clk 0:25:18]} Kf8 {[%clk 0:34:41]} 33. Bg6
{[%clk 0:24:27]} Qf6 {[%clk 0:32:01]} 34. exd4 {[%clk 0:21:23]} Qxd4+ {[%clk
0:32:21]} 35. Kh1 {[%clk 0:20:38]} Qxf4 {[%clk 0:30:56]} 36. Qh8+ {[%clk
0:19:34]} Ke7 {[%clk 0:31:07]} 37. Qe8+ {[%clk 0:15:41]} Kf6 {[%clk 0:30:46]} 38.
Qf7+ {[%clk 0:13:10]} Kg5 {[%clk 0:30:59]} 39. Qxf4+ {[%clk 0:06:45]} Kxf4 {[%clk
0:31:19]} 40. Bf7 {[%clk 0:36:31]} Ke5 {[%clk 1:00:33]} 41. Kg1 {[%clk 0:36:09]}
d4 {[%clk 0:58:07]} 42. Kf2 {[%clk 0:34:46]} Kf5 {[%clk 0:58:00]} 43. Ke2 {[%clk
0:31:46]} e5 {[%clk 0:58:16]} 44. g3 {[%clk 0:30:18]} e4 {[%clk 0:55:37]} 45. Bb3
{[%clk 0:26:52]} g5 {[%clk 0:55:01]} 46. Bf7 {[%clk 0:19:45]} Ke5 {[%clk
0:53:28]} 47. Kd2 {[%clk 0:17:38]} Kd6 {[%clk 0:52:48]} 48. Bg6 {[%clk 0:16:24]}
Kd5 {[%clk 0:52:49]} 49. Kc2 {[%clk 0:14:28]} Ke5 {[%clk 0:50:39]} 50. Kd2 {[%clk
0:14:01]} Kd5 {[%clk 0:50:31]} 51. Kc2 {[%clk 0:14:11]} Ke5 {[%clk 0:50:33]} 52.
Kd2 {[%clk 0:13:07]} Kd5 {[%clk 0:49:51]} 53. Be8 {[%clk 0:12:52]} Kc4 {[%clk
0:49:23]} 54. Bf7# {[%clk 0:12:58]} 1-0

[Event "Greek Team Championship"]
[Site "chess24.com"]
[Date "2017.07.04"]
[Round "2"]
[White "Argiroudis, Stamatis"]
[Black "Georganas, Panayotis"]
[Result "1-0"]
[Board "1"]
[WhiteElo "2276"]
[WhiteCountry "GRE"]
[WhiteFideId "4202210"]
[WhiteEloChange "4"]
[BlackElo "2018"]
[BlackCountry "GRE"]
[BlackFideId "4269870"]
[BlackEloChange "-4"]

1. d4 {[%clk 1:30:37]} d5 {[%clk 1:30:53]} 2. c4 {[%clk 1:30:03]} e6 {[%clk
1:31:16]} 3. Nf3 {[%clk 1:29:23]} Nf6 {[%clk 1:31:26]} 4. g3 {[%clk 1:29:04]} Be7
{[%clk 1:30:09]} 5. Bg2 {[%clk 1:29:15]} O-O {[%clk 1:30:23]} 6. O-O {[%clk
1:29:31]} b6 {[%clk 1:29:30]} 7. cxd5 {[%clk 1:28:02]} exd5 {[%clk 1:29:50]} 8.
Nc3 {[%clk 1:27:33]} Bb7 {[%clk 1:30:07]} 9. Ne5 {[%clk 1:26:04]} Nbd7 {[%clk
1:29:10]} 10. Qa4 {[%clk 1:24:24]} Nxe5 {[%clk 1:02:04]} 11. dxe5 {[%clk
1:24:46]} Ne8 {[%clk 1:02:23]} 12. Rd1 {[%clk 1:17:46]} c6 {[%clk 1:02:39]} 13.
e4 {[%clk 1:15:16]} Nc7 {[%clk 1:01:16]} 14. Be3 {[%clk 1:13:58]} Re8 {[%clk
0:53:09]} 15. exd5 {[%clk 1:12:16]} cxd5 {[%clk 0:46:42]} 16. Qb3 {[%clk
1:05:30]} Qb8 {[%clk 0:38:31]} 17. Nxd5 {[%clk 1:00:12]} Ne6 {[%clk 0:38:15]} 18.
f4 {[%clk 0:56:28]} Bc5 {[%clk 0:38:21]} 19. Bxc5 {[%clk 0:56:11]} Nxc5 {[%clk
0:38:38]} 20. Qc3 {[%clk 0:55:25]} a5 {[%clk 0:37:51]} 21. Nxb6 {[%clk 0:50:44]}
Bxg2 {[%clk 0:32:55]} 22. Qxc5 {[%clk 0:50:34]} Ra6 {[%clk 0:32:42]} 23. Kxg2
{[%clk 0:41:40]} Rxb6 {[%clk 0:33:04]} 24. b3 {[%clk 0:41:44]} a4 {[%clk
0:33:19]} 25. Rd7 {[%clk 0:40:18]} axb3 {[%clk 0:30:15]} 26. Qd5 {[%clk 0:37:05]}
Rf8 {[%clk 0:30:27]} 27. axb3 {[%clk 0:37:09]} Rb5 {[%clk 0:30:05]} 28. Qd6
{[%clk 0:32:34]} Rxb3 {[%clk 0:25:36]} 29. Qxb8 {[%clk 0:32:05]} Rbxb8 {[%clk
0:25:01]} 30. e6 {[%clk 0:31:51]} g6 {[%clk 0:11:30]} 31. Raa7 {[%clk 0:31:10]}
h5 {[%clk 0:11:47]} 32. Kh3 {[%clk 0:27:04]} Kg7 {[%clk 0:09:35]} 33. Rxf7+
{[%clk 0:26:57]} Rxf7 {[%clk 0:10:02]} 34. Rxf7+ {[%clk 0:27:19]} Kg8 {[%clk
0:09:59]} 35. Kh4 {[%clk 0:22:52]} 1-0

[Event "Greek Team Championship"]
[Site "chess24.com"]
[Date "2017.07.04"]
[Round "2"]
[White "Hararis, Georgios"]
[Black "Hadzimanolis, Antonios"]
[Result "0-1"]
[Board "2"]
[WhiteElo "1901"]
[WhiteCountry "GRE"]
[WhiteFideId "4254317"]
[WhiteEloChange "-3"]
[BlackElo "2237"]
[BlackTitle "FM"]
[BlackCountry "GRE"]
[BlackFideId "4202813"]
[BlackEloChange "3"]

1. e4 {[%clk 1:30:30]} e5 {[%clk 1:30:30]} 2. Nf3 {[%clk 1:30:30]} Nc6 {[%clk
1:30:30]} 3. Nc3 {[%clk 1:30:30]} Nf6 {[%clk 1:30:30]} 4. d4 {[%clk 1:30:30]}
exd4 {[%clk 1:30:30]} 5. Nxd4 {[%clk 1:30:30]} Bb4 {[%clk 1:30:30]} 6. Nxc6
{[%clk 1:30:30]} bxc6 {[%clk 1:30:30]} 7. Bd3 {[%clk 1:30:30]} d5 {[%clk
1:30:30]} 8. exd5 {[%clk 1:30:30]} cxd5 {[%clk 1:30:30]} 9. O-O {[%clk 1:30:30]}
O-O {[%clk 1:30:30]} 10. Bg5 {[%clk 1:30:30]} c6 {[%clk 1:30:30]} 11. Na4 {[%clk
1:30:30]} h6 {[%clk 1:30:30]} 12. Bh4 {[%clk 1:30:30]} Re8 {[%clk 1:30:30]} 13.
c4 {[%clk 1:30:30]} g5 {[%clk 1:30:30]} 14. Bg3 {[%clk 1:30:30]} Ne4 {[%clk
1:30:30]} 15. a3 {[%clk 1:30:30]} Bf8 {[%clk 1:30:30]} 16. Rc1 {[%clk 1:30:30]}
d4 {[%clk 1:30:30]} 17. c5 {[%clk 1:30:30]} Bf5 {[%clk 1:30:30]} 18. Re1 {[%clk
1:30:30]} Qd5 {[%clk 1:30:30]} 19. b4 {[%clk 1:30:30]} Bg7 {[%clk 1:30:30]} 20.
Nb2 {[%clk 1:30:30]} Qa2 {[%clk 1:30:30]} 21. Nc4 {[%clk 1:30:30]} Nc3 {[%clk
1:30:30]} 22. Rxc3 {[%clk 1:30:30]} dxc3 {[%clk 1:30:30]} 23. Rxe8+ {[%clk
1:30:30]} Rxe8 {[%clk 1:30:30]} 24. Bxf5 {[%clk 1:30:30]} Qxc4 {[%clk 1:30:30]}
25. h3 {[%clk 1:30:30]} Qd5 {[%clk 1:30:30]} 26. Bd3 {[%clk 1:30:30]} Be5 {[%clk
1:30:30]} 27. Qe2 {[%clk 1:30:30]} Kf8 {[%clk 1:30:30]} 28. Qc2 {[%clk 1:30:30]}
Bxg3 {[%clk 1:30:30]} 29. fxg3 {[%clk 1:30:30]} Re3 {[%clk 1:30:30]} 30. Ba6
{[%clk 1:30:30]} Rxg3 {[%clk 1:30:30]} 31. Bf1 {[%clk 1:30:30]} Qd4+ {[%clk
1:30:30]} 32. Kh1 {[%clk 1:30:30]} Re3 {[%clk 1:30:30]} 33. Qf5 {[%clk 1:30:30]}
Re1 {[%clk 1:30:30]} 34. Qc8+ {[%clk 1:30:30]} Kg7 {[%clk 1:30:30]} 35. Qf5
{[%clk 1:30:30]} Qf6 {[%clk 1:30:30]} 0-1

[Event "Greek Team Championship"]
[Site "chess24.com"]
[Date "2017.07.04"]
[Round "2"]
[White "Gavriilidis, Georgios"]
[Black "Kiriakopoulos, Antonios"]
[Result "1-0"]
[Board "3"]
[WhiteElo "2131"]
[WhiteCountry "GRE"]
[WhiteFideId "4206894"]
[WhiteEloChange "3"]
[BlackElo "1859"]
[BlackCountry "GRE"]
[BlackFideId "4203933"]
[BlackEloChange "-3"]

1. d4 {[%clk 1:29:41]} Nf6 {[%clk 1:30:46]} 2. c4 {[%clk 1:29:57]} e6 {[%clk
1:30:53]} 3. g3 {[%clk 1:30:21]} d5 {[%clk 1:29:57]} 4. Bg2 {[%clk 1:30:45]} Be7
{[%clk 1:29:35]} 5. Nf3 {[%clk 1:31:07]} c6 {[%clk 1:28:11]} 6. Qc2 {[%clk
1:31:04]} O-O {[%clk 1:27:48]} 7. O-O {[%clk 1:31:29]} Ne4 {[%clk 1:24:10]} 8. b3
{[%clk 1:27:59]} Nd7 {[%clk 1:23:16]} 9. Ba3 {[%clk 1:27:28]} Bxa3 {[%clk
1:21:20]} 10. Nxa3 {[%clk 1:27:52]} Qe7 {[%clk 1:21:41]} 11. Qb2 {[%clk 1:28:17]}
f5 {[%clk 1:21:27]} 12. b4 {[%clk 1:25:42]} g5 {[%clk 1:20:53]} 13. b5 {[%clk
1:25:05]} a6 {[%clk 1:20:21]} 14. cxd5 {[%clk 1:23:34]} cxd5 {[%clk 1:19:55]} 15.
Rac1 {[%clk 1:18:26]} g4 {[%clk 1:19:36]} 16. Ne1 {[%clk 1:18:47]} Nb6 {[%clk
1:19:12]} 17. Rc2 {[%clk 1:10:21]} Nd6 {[%clk 1:12:10]} 18. Qb4 {[%clk 1:02:53]}
Rf7 {[%clk 1:11:14]} 19. bxa6 {[%clk 1:02:44]} Rxa6 {[%clk 1:11:11]} 20. Nd3
{[%clk 1:01:03]} Ndc4 {[%clk 1:08:24]} 21. Nxc4 {[%clk 1:00:51]} Nxc4 {[%clk
1:08:27]} 22. Nc5 {[%clk 0:54:56]} Ra7 {[%clk 1:05:35]} 23. a4 {[%clk 0:49:18]}
Qd6 {[%clk 0:58:02]} 24. Rb1 {[%clk 0:43:10]} Rc7 {[%clk 0:52:43]} 25. e3 {[%clk
0:33:45]} Bd7 {[%clk 0:48:08]} 26. Bf1 {[%clk 0:32:54]} b5 {[%clk 0:42:00]} 27.
axb5 {[%clk 0:31:17]} Nb6 {[%clk 0:38:42]} 28. Bd3 {[%clk 0:30:38]} h5 {[%clk
0:38:21]} 29. Qb3 {[%clk 0:22:36]} h4 {[%clk 0:37:39]} 30. Na6 {[%clk 0:21:03]}
Rxc2 {[%clk 0:37:44]} 31. Qxc2 {[%clk 0:21:26]} hxg3 {[%clk 0:36:54]} 32. hxg3
{[%clk 0:21:51]} Kg7 {[%clk 0:36:05]} 33. Qc5 {[%clk 0:21:58]} Nc8 {[%clk
0:35:23]} 34. b6 {[%clk 0:21:49]} Rb7 {[%clk 0:35:32]} 35. Qxd6 {[%clk 0:22:12]}
1-0